[Event "Krakow Malopolski op"]
[Site "Krakow"]
[Date "2022.06.17"]
[Round "3"]
[White "Brylski, Pawel"]
[Black "Stepien, Jaroslaw"]
[Result "0-1"]
[WhiteElo "1958"]
[BlackElo "1857"]
[PlyCount "86"]
[EventDate "2022.06.16"]
[EventType "swiss"]
[EventRounds "7"]
[EventCountry "POL"]
[SourceTitle "EXT 2023"]
[Source "ChessBase"]
[SourceDate "2022.10.05"]
[SourceVersion "1"]
[SourceVersionDate "2022.10.05"]
[SourceQuality "1"]

1. e4 e5 2. d4 exd4 3. Qxd4 Nc6 4. Qc4 Nf6 5. Nc3 Bb4 6. Bd2 0-0 7. 0-0-0 d6 8. f3 a5 9. a3 Bc5 10. g4 Be6 11. Qe2 Nd4 12. Qg2 b5 13. Nxb5 Qb8 14. a4 Qb6 15. Bc3 Nxb5 16. Bxb5 c6 17. Bd3 Ba2 18. Re1 Rab8 19. Nh3 d5 20. Be5 dxe4 21. fxe4 Bd4 22. Bxb8 Qxb2+ 23. Kd1 Rxb8 24. Ke2 c5 25. Kf3 Qc3 26. g5 Nd7 27. Kg4 Ne5+ 28. Kh4 c4 29. Be2 Qxc2 30. Nf4 Qxa4 31. Nd5 Ng6+ 32. Kh5 c3 33. Qg3 Be5 34. Ne7+ Kf8 35. Bd1 c2 36. Bxc2 Qxc2 37. Qe3 Nf4+ 38. Kg4 Qg2+ 39. Kf5 Qb2 40. Nd5 g6+ 41. Kg4 Nxd5 42. Qc5+ Ne7 43. Qxa5 Be6+ 0-1

[Event "Noisiel op 5th"]
[Site "Noisiel"]
[Date "2020.02.20"]
[Round "9"]
[White "Helfer, Remi"]
[Black "Stepien, Jaroslaw"]
[Result "1-0"]
[WhiteElo "2017"]
[BlackElo "1960"]
[PlyCount "55"]
[EventDate "2020.02.15"]
[EventType "swiss"]
[EventRounds "9"]
[EventCountry "FRA"]
[SourceTitle "CBM 195 Extra"]
[Source "ChessBase"]
[SourceDate "2020.05.31"]
[SourceVersion "1"]
[SourceVersionDate "2020.05.31"]
[SourceQuality "1"]

1. e4 e5 2. Nc3 Nf6 3. Bc4 Nc6 4. d3 Bc5 5. f4 d6 6. Nf3 Bg4 7. Na4 Bb6 8. Nxb6 axb6 9. c3 0-0 10. 0-0 h6 11. Qe1 exf4 12. Bxf4 Be6 13. Bb3 Bxb3 14. axb3 Qd7 15. Rxa8 Rxa8 16. Nh4 Qe6 17. Nf5 Nh5 18. Be3 Kh7 19. Qh4 Qg6 20. g4 Nf6 21. Nxh6 gxh6 22. Rxf6 Ne5 23. Rxg6 Nf3+ 24. Kf2 Nxh4 25. Rxh6+ Kg7 26. Rxh4 Ra2 27. Bd4+ Kg6 28. c4 1-0

[Event "Noisiel op 5th"]
[Site "Noisiel"]
[Date "2020.02.19"]
[Round "8"]
[White "Nair, Sanjeev"]
[Black "Stepien, Jaroslaw"]
[Result "1-0"]
[WhiteElo "2172"]
[BlackElo "1960"]
[PlyCount "75"]
[EventDate "2020.02.15"]
[EventType "swiss"]
[EventRounds "9"]
[EventCountry "FRA"]
[SourceTitle "CBM 195 Extra"]
[Source "ChessBase"]
[SourceDate "2020.05.31"]
[SourceVersion "1"]
[SourceVersionDate "2020.05.31"]
[SourceQuality "1"]

1. e4 e5 2. Nf3 Nc6 3. Bc4 Nf6 4. d3 Bc5 5. c3 d6 6. Nbd2 0-0 7. 0-0 Bg4 8. h3 Bh5 9. Re1 a6 10. Bb3 Re8 11. Nf1 d5 12. Ng3 Bg6 13. exd5 Nxd5 14. d4 Ba7 15. dxe5 Nde7 16. Be3 Bxe3 17. Rxe3 Na5 18. e6 Nxb3 19. Qxb3 Nd5 20. exf7+ Bxf7 21. Rxe8+ Qxe8 22. Re1 Qb5 23. Qc2 Nf4 24. Qd2 Ng6 25. b3 h6 26. c4 Qc5 27. Qd7 b5 28. Ne4 Qb4 29. Qc6 Rf8 30. Rc1 Nf4 31. Kh2 bxc4 32. bxc4 Qb2 33. Rd1 Qxa2 34. Qxc7 Bh5 35. Rd7 Ne6 36. Qe5 Qxc4 37. Nfd2 Qa2 38. Qxh5 1-0

[Event "Noisiel op 5th"]
[Site "Noisiel"]
[Date "2020.02.19"]
[Round "7"]
[White "Stepien, Jaroslaw"]
[Black "Pozdnjakov, Viatcheslav"]
[Result "0-1"]
[WhiteElo "1960"]
[BlackElo "2295"]
[PlyCount "50"]
[EventDate "2020.02.15"]
[EventType "swiss"]
[EventRounds "9"]
[EventCountry "FRA"]
[SourceTitle "CBM 195 Extra"]
[Source "ChessBase"]
[SourceDate "2020.05.31"]
[SourceVersion "1"]
[SourceVersionDate "2020.05.31"]
[SourceQuality "1"]

1. e4 e6 2. d4 d5 3. Nc3 Nf6 4. Bg5 dxe4 5. Nxe4 Be7 6. Bxf6 gxf6 7. Nf3 f5 8. Nc3 a6 9. Bc4 b5 10. Bb3 c5 11. dxc5 Qxd1+ 12. Rxd1 Rg8 13. a4 b4 14. Ne2 Rxg2 15. Ne5 Nd7 16. Nc4 Nxc5 17. Nb6 Rb8 18. Nxc8 Rxc8 19. Nf4 Rg4 20. Nd3 Nxb3 21. cxb3 Re4+ 22. Kf1 Rd8 23. f3 Re3 24. Nf2 Rxd1+ 25. Nxd1 Rxf3+ 0-1

[Event "Noisiel op 5th"]
[Site "Noisiel"]
[Date "2020.02.17"]
[Round "4"]
[White "Stepien, Jaroslaw"]
[Black "Roebers, Eline"]
[Result "1-0"]
[WhiteElo "1960"]
[BlackElo "2129"]
[PlyCount "55"]
[EventDate "2020.02.15"]
[EventType "swiss"]
[EventRounds "9"]
[EventCountry "FRA"]
[SourceTitle "CBM 195 Extra"]
[Source "ChessBase"]
[SourceDate "2020.05.31"]
[SourceVersion "1"]
[SourceVersionDate "2020.05.31"]
[SourceQuality "1"]

1. e4 c5 2. d4 cxd4 3. c3 d5 4. exd5 Qxd5 5. cxd4 Nc6 6. Nf3 Bg4 7. Nc3 Bxf3 8. gxf3 Qxd4 9. Qxd4 Nxd4 10. Nb5 Nc2+ 11. Kd1 Nxa1 12. Nc7+ Kd7 13. Nxa8 e6 14. Be3 b6 15. Kc1 Ne7 16. Kb1 Nd5 17. Bb5+ Kc8 18. Rc1+ Kb8 19. Nc7 Nxc7 20. Bf4 Bc5 21. b4 Bd4 22. Rxc7 e5 23. Rd7 Bc3 24. Bc1 Rc8 25. Ba6 Rc6 26. Rb7+ Ka8 27. Rxf7 Kb8 28. Rb7+ 1-0

[Event "Noisiel op 5th"]
[Site "Noisiel"]
[Date "2020.02.16"]
[Round "2"]
[White "Stepien, Jaroslaw"]
[Black "Noblecourt, Nicolas"]
[Result "1/2-1/2"]
[WhiteElo "1960"]
[BlackElo "1918"]
[PlyCount "118"]
[EventDate "2020.02.15"]
[EventType "swiss"]
[EventRounds "9"]
[EventCountry "FRA"]
[SourceTitle "CBM 195 Extra"]
[Source "ChessBase"]
[SourceDate "2020.05.31"]
[SourceVersion "1"]
[SourceVersionDate "2020.05.31"]
[SourceQuality "1"]

1. e4 g6 2. d4 Nf6 3. Nc3 d5 4. exd5 Nxd5 5. Nf3 Nxc3 6. bxc3 Bg7 7. Bc4 0-0 8. 0-0 c5 9. Rb1 Qc7 10. Qe2 Nc6 11. Rd1 Bg4 12. dxc5 Ne5 13. Bd5 e6 14. Be4 f5 15. Bxb7 Rab8 16. Bf4 Nxf3+ 17. Qxf3 Bxf3 18. Bxc7 Rxb7 19. Bd6 Bxd1 20. Rxb7 Rc8 21. Rxa7 Bxc2 22. a4 Bxc3 23. a5 Bd4 24. a6 Bxc5 25. Bxc5 Rxc5 26. f3 Bb3 27. Rd7 Ra5 28. a7 Bd5 29. h4 h6 30. Kf2 g5 31. hxg5 hxg5 32. Ke3 Ra3+ 33. Kd4 g4 34. fxg4 fxg4 35. g3 Kf8 36. Ke5 Ke8 37. Rg7 Ra4 38. Kd6 Kf8 39. Rc7 Ra3 40. Ke5 Ke8 41. Rg7 Kd8 42. Kd6 Kc8 43. Rxg4 Ra6+ 44. Ke5 Kb7 45. Rg7+ Ka8 46. g4 Ra1 47. g5 Re1+ 48. Kd6 Bb7 49. g6 Kxa7 50. Re7 Kb6 51. g7 Rg1 52. Kxe6 Ba6 53. Kd6 Bc4 54. Ke5 Kc6 55. Kf6 Kd6 56. Re4 Rf1+ 57. Kg5 Rg1+ 58. Rg4 Rxg4+ 59. Kxg4 Ke7 1/2-1/2

[Event "Krakow op-B 27th"]
[Site "Krakow"]
[Date "2017.01.02"]
[Round "7"]
[White "Kremer, Nadine"]
[Black "Stepien, Jaroslaw"]
[Result "0-1"]
[WhiteElo "1843"]
[BlackElo "2004"]
[PlyCount "72"]
[EventDate "2016.12.27"]
[EventType "swiss"]
[EventRounds "9"]
[EventCountry "POL"]
[SourceTitle "CBM 176 Extra"]
[Source "ChessBase"]
[SourceDate "2017.03.02"]
[SourceVersion "1"]
[SourceVersionDate "2017.03.02"]
[SourceQuality "1"]

1. e4 e5 2. Nc3 Nf6 3. f4 d5 4. fxe5 Nxe4 5. Nf3 Nc6 6. Qe2 Bf5 7. d3 Nc5 8. Bf4 Ne6 9. Qd2 Bb4 10. d4 0-0 11. Bb5 Nxf4 12. Qxf4 Bxc2 13. Bxc6 bxc6 14. 0-0 Rb8 15. Rac1 Bg6 16. Na4 f6 17. Qg4 Qe7 18. b3 Bd3 19. Rf2 fxe5 20. Nxe5 Rxf2 21. Kxf2 Rf8+ 22. Kg1 Bd2 23. Rd1 Be3+ 24. Kh1 Bb5 25. Nc5 Qf6 26. h3 Qf2 27. Qe6+ Kh8 28. Ncd7 Bf1 29. Nf7+ Qxf7 30. Nxf8 Qf2 31. Rxf1 Qxf1+ 32. Kh2 Qf4+ 33. Kh1 Qf1+ 34. Kh2 Bf4+ 35. g3 Qf2+ 36. Kh1 Bxg3 0-1

[Event "Krakow op-B 27th"]
[Site "Krakow"]
[Date "2016.12.27"]
[Round "1"]
[White "Kostecka, Marika"]
[Black "Stepien, Jaroslaw"]
[Result "0-1"]
[WhiteElo "1833"]
[BlackElo "2004"]
[PlyCount "110"]
[EventDate "2016.12.27"]
[EventType "swiss"]
[EventRounds "9"]
[EventCountry "POL"]
[SourceTitle "CBM 176 Extra"]
[Source "ChessBase"]
[SourceDate "2017.03.02"]
[SourceVersion "1"]
[SourceVersionDate "2017.03.02"]
[SourceQuality "1"]

1. e4 e5 2. Nf3 Nc6 3. Bb5 Bc5 4. c3 f5 5. 0-0 fxe4 6. Nxe5 Qh4 7. d4 Bd6 8. g3 Qh3 9. Re1 Nf6 10. Bf1 Qf5 11. Nc4 Be7 12. Ne3 Qg6 13. Bg2 0-0 14. Nd2 Kh8 15. d5 Ne5 16. Nec4 Nxc4 17. Nxc4 d6 18. Qd4 Bf5 19. Ne3 Bd7 20. Nc4 Bf5 21. Ne3 Bd7 22. Nc4 Bf5 23. Nd2 Rae8 24. Nxe4 Bd8 25. f3 c6 26. Bf4 Bb6 27. Qxb6 axb6 28. Bxd6 Rg8 29. Nxf6 Qxf6 30. Bc7 cxd5 31. f4 Be4 32. Be5 Rxe5 33. fxe5 Qxe5 34. Rad1 Qf5 35. Rf1 Qc8 36. Rd4 h6 37. Bxe4 dxe4 38. Re1 Re8 39. Rexe4 Rxe4 40. Rxe4 Qc5+ 41. Rd4 Qf5 42. Rb4 Qf3 43. a3 Kh7 44. Rf4 Qe3+ 45. Kg2 h5 46. h4 Kg6 47. Rf2 Kh7 48. Rf4 g5 49. hxg5 Kg6 50. Rf6+ Kxg5 51. Rf4 Qe2+ 52. Rf2 Qe4+ 53. Kg1 h4 54. Rg2 h3 55. Rf2 Qe1+ 0-1

[Event "Saint Quentin op 4th"]
[Site "Saint Quentin"]
[Date "2001.04.19"]
[Round "6.34"]
[White "Rejaibi, Samir"]
[Black "Stepien, Jaroslaw"]
[Result "1-0"]
[WhiteElo "1499"]
[BlackElo "2155"]
[PlyCount "63"]
[EventDate "2001.04.15"]
[EventType "swiss"]
[EventRounds "9"]
[EventCountry "FRA"]
[SourceTitle "EXT 2002"]
[Source "ChessBase"]
[SourceDate "2001.11.25"]
[SourceVersion "1"]
[SourceVersionDate "2001.11.25"]
[SourceQuality "1"]

1. e4 c5 2. Nf3 Nc6 3. Nc3 d6 4. d4 cxd4 5. Nxd4 Nf6 6. Bc4 Qb6 7. Ndb5 a6 8. Be3 Qa5 9. Nd4 Nxe4 10. Qf3 f5 11. Nxc6 bxc6 12. 0-0-0 e6 13. Nxe4 fxe4 14. Qxe4 d5 15. Qe5 Bd7 16. Bb3 Qb4 17. Bf4 a5 18. c3 Qe7 19. Bc2 Qf6 20. Qe3 Be7 21. Be5 Qf7 22. f4 0-0 23. Qd3 g6 24. h4 Bf6 25. h5 Bxe5 26. fxe5 gxh5 27. Rdf1 Qg7 28. Rxh5 Rxf1+ 29. Qxf1 Rf8 30. Bxh7+ Qxh7 31. Qxf8+ Kxf8 32. Rxh7 1-0

[Event "Provence-ch Principal 9596"]
[Site "France"]
[Date "1995.??.??"]
[Round "9"]
[White "Anton, Jose"]
[Black "Stepien, Jaroslaw"]
[Result "0-1"]
[WhiteElo "1930"]
[BlackElo "2100"]
[PlyCount "70"]
[EventDate "1995.??.??"]
[EventType "tourn"]
[EventRounds "9"]
[EventCountry "FRA"]
[SourceTitle "EXT 2005"]
[Source "ChessBase"]
[SourceDate "2004.11.15"]
[SourceVersion "1"]
[SourceVersionDate "2004.11.15"]
[SourceQuality "1"]

1. e4 e5 2. d4 exd4 3. c3 Nf6 4. e5 Ne4 5. Qe2 f5 6. exf6 d5 7. fxg7 Bxg7 8. Qh5+ Kf8 9. Bh6 Nc6 10. Bd3 Qf6 11. Bxg7+ Kxg7 12. Nf3 dxc3 13. bxc3 Bf5 14. 0-0 Qg6 15. Qh4 Rhf8 16. Nd4 Nxd4 17. cxd4 Rae8 18. f3 Nd6 19. Bxf5 Nxf5 20. Qf2 Re7 21. Nc3 c6 22. Rfe1 Rfe8 23. Re2 Rxe2 24. Nxe2 Qh6 25. f4 Qe6 26. Ng3 Nxg3 27. hxg3 Qe2 28. Rb1 b6 29. Rb2 Qd1+ 30. Kh2 Re6 31. g4 Qxg4 32. Kg1 Qd1+ 33. Kh2 Rh6+ 34. Kg3 Qh5 35. Re2 Rg6# 0-1

[Event "Provence-ch Principal 9596"]
[Site "France"]
[Date "1995.??.??"]
[Round "1"]
[White "Stepien, Jaroslaw"]
[Black "Girard, Jean Pierre"]
[Result "0-1"]
[WhiteElo "2100"]
[BlackElo "1820"]
[PlyCount "78"]
[EventDate "1995.??.??"]
[EventType "tourn"]
[EventRounds "9"]
[EventCountry "FRA"]
[SourceTitle "EXT 2005"]
[Source "ChessBase"]
[SourceDate "2004.11.15"]
[SourceVersion "1"]
[SourceVersionDate "2004.11.15"]
[SourceQuality "1"]

1. e4 c5 2. c3 d5 3. exd5 Qxd5 4. d4 Nf6 5. Nf3 Nc6 6. Be2 e6 7. 0-0 cxd4 8. cxd4 Be7 9. Nc3 Qd8 10. Bg5 0-0 11. Rc1 Nb4 12. Ne5 Nbd5 13. Bf3 Ne8 14. Bxe7 Nxe7 15. Qa4 f6 16. Ng4 Nf5 17. Rfd1 Qe7 18. d5 e5 19. Ne3 Nfd6 20. Nc4 b5 21. Nxb5 Bd7 22. Nca3 a6 23. Be2 Qd8 24. Qb3 axb5 25. Nxb5 Qa5 26. Nc3 Nc7 27. Qc2 Rfc8 28. Bd3 f5 29. Qe2 e4 30. Bb1 Ncb5 31. Nxb5 Qxb5 32. Qd2 Nc4 33. Qd4 Nxb2 34. Rf1 Nd3 35. Rxc8+ Rxc8 36. g4 Nf4 37. Qe5 Nh3+ 38. Kg2 Qe2 39. gxf5 Qf3# 0-1

[Event "Provence-ch Principal 9394"]
[Site "France"]
[Date "1993.??.??"]
[Round "2"]
[White "Stepien, Jaroslaw"]
[Black "Cortes, Antoine"]
[Result "1/2-1/2"]
[WhiteElo "2050"]
[BlackElo "2100"]
[PlyCount "25"]
[EventDate "1993.??.??"]
[EventType "tourn"]
[EventRounds "9"]
[EventCountry "FRA"]
[SourceTitle "EXT 2005"]
[Source "ChessBase"]
[SourceDate "2004.11.15"]
[SourceVersion "1"]
[SourceVersionDate "2004.11.15"]
[SourceQuality "1"]

1. e4 d6 2. Nf3 c5 3. g3 g6 4. Bg2 Bg7 5. 0-0 Nc6 6. d3 Nf6 7. Nbd2 0-0 8. Nc4 Qc7 9. c3 h6 10. Qe2 e5 11. Bd2 Be6 12. b3 Rad8 13. Rae1 1/2-1/2

[Event "Provence-ch Majeur op 9293"]
[Site "France"]
[Date "1992.??.??"]
[Round "1"]
[White "Roger, Patrick"]
[Black "Stepien, Jaroslaw"]
[Result "0-1"]
[WhiteElo "1780"]
[BlackElo "1990"]
[PlyCount "58"]
[EventDate "1992.??.??"]
[EventType "swiss"]
[EventRounds "9"]
[EventCountry "FRA"]
[SourceTitle "EXT 2005"]
[Source "ChessBase"]
[SourceDate "2004.11.15"]
[SourceVersion "1"]
[SourceVersionDate "2004.11.15"]
[SourceQuality "1"]

1. e4 e5 2. Nf3 Nc6 3. Bc4 Nf6 4. Ng5 d5 5. exd5 Nd4 6. Nc3 Bg4 7. Be2 Nxe2 8. Nxe2 Qxd5 9. f3 Bf5 10. Nc3 Qd4 11. d3 Bb4 12. Bd2 0-0 13. Nge4 Nxe4 14. dxe4 Be6 15. Qe2 Bc4 16. Qf2 Qd6 17. a3 Bc5 18. Be3 Bxe3 19. Qxe3 Rfd8 20. Rd1 Qg6 21. Kf2 f5 22. Qc5 Bf7 23. Qxc7 Rac8 24. Qxe5 fxe4 25. Qxe4 Qb6+ 26. Rd4 Qxb2 27. Ne2 Rxc2 28. Rhd1 Re8 29. Rd8 Rxe2+ 0-1

[Event "Provence-chA"]
[Site "Provence"]
[Date "1991.??.??"]
[Round "1"]
[White "Barrielle, Philippe"]
[Black "Stepien, Jaroslaw"]
[Result "1-0"]
[WhiteElo "2030"]
[BlackElo "1950"]
[PlyCount "71"]
[EventDate "1991.??.??"]
[EventType "tourn"]
[EventRounds "9"]
[EventCountry "FRA"]
[SourceTitle "EXT 2005"]
[Source "ChessBase"]
[SourceDate "2004.11.15"]
[SourceVersion "1"]
[SourceVersionDate "2004.11.15"]
[SourceQuality "1"]

1. e4 e5 2. Nf3 Nc6 3. d4 exd4 4. Bc4 Nf6 5. Bg5 h6 6. Bxf6 Qxf6 7. 0-0 d6 8. h3 Be7 9. c3 0-0 10. cxd4 Qg6 11. Kh1 Qxe4 12. Nc3 Qf5 13. Nd5 Bd8 14. g4 Qd7 15. Nf4 d5 16. Bb3 Qd6 17. Qd2 Ne7 18. Rg1 Ng6 19. Nh5 Re8 20. Bc2 Bd7 21. Qd3 c5 22. dxc5 Qxc5 23. Nd4 Bc7 24. Nf5 Bb5 25. Qd4 Qxd4 26. Nxd4 Bd7 27. Nf5 Re2 28. Bd3 Rd2 29. Rgd1 Rxd1+ 30. Rxd1 Be5 31. Kg2 Be6 32. Ne3 Nf4+ 33. Nxf4 Bxf4 34. Kf3 Rc8 35. Kxf4 d4 36. Nf5 1-0

[Event "Provence-chA"]
[Site "Provence"]
[Date "1991.??.??"]
[Round "9"]
[White "Stepien, Jaroslaw"]
[Black "Barnier, Alain"]
[Result "1/2-1/2"]
[WhiteElo "1950"]
[BlackElo "2070"]
[PlyCount "62"]
[EventDate "1991.??.??"]
[EventType "tourn"]
[EventRounds "9"]
[EventCountry "FRA"]
[SourceTitle "EXT 2005"]
[Source "ChessBase"]
[SourceDate "2004.11.15"]
[SourceVersion "1"]
[SourceVersionDate "2004.11.15"]
[SourceQuality "1"]

1. e4 e6 2. d4 d5 3. Nc3 Bb4 4. a3 Bxc3+ 5. bxc3 dxe4 6. Qg4 Nf6 7. Qxg7 Rg8 8. Qh6 Nbd7 9. Nh3 b6 10. Bg5 Bb7 11. Nf4 Qe7 12. Bb5 c6 13. Be2 0-0-0 14. g3 c5 15. dxc5 e5 16. Ng2 Qxc5 17. 0-0 Rg6 18. Qh4 Rdg8 19. Be3 Qxc3 20. a4 Kb8 21. a5 Qxc2 22. Bb5 Rg4 23. Qh3 Qb3 24. Bxd7 Nxd7 25. axb6 axb6 26. Qxh7 Qe6 27. Rfd1 Nf6 28. Qh6 R4g6 29. Qh4 Rg4 30. Qh6 R4g6 31. Qh4 Rg4 1/2-1/2

[Event "Provence-chA"]
[Site "Provence"]
[Date "1990.??.??"]
[Round "5"]
[White "Rebers, Eugene H"]
[Black "Stepien, Jaroslaw"]
[Result "0-1"]
[WhiteElo "2240"]
[BlackElo "2020"]
[PlyCount "76"]
[EventDate "1990.??.??"]
[EventType "swiss"]
[EventRounds "7"]
[EventCountry "FRA"]
[SourceTitle "EXT 2005"]
[Source "ChessBase"]
[SourceDate "2004.11.15"]
[SourceVersion "1"]
[SourceVersionDate "2004.11.15"]
[SourceQuality "1"]

1. b3 e5 2. Bb2 Nc6 3. e3 Nf6 4. Nf3 e4 5. Nd4 Nxd4 6. Bxd4 d5 7. f4 exf3 8. Qxf3 Be7 9. c4 Bg4 10. Qf4 Be6 11. c5 0-0 12. Bd3 Nd7 13. b4 a5 14. a3 Bh4+ 15. g3 Bg5 16. Qf3 Bf6 17. b5 Nxc5 18. Bxc5 Bxa1 19. Nc3 Qg5 20. 0-0 Bxc3 21. dxc3 Bg4 22. Qf4 Qxf4 23. Rxf4 Bd7 24. Bxf8 Rxf8 25. c4 Be6 26. cxd5 Bxd5 27. Rd4 Be6 28. Be4 b6 29. Rd2 f5 30. Bg2 g6 31. Kf2 Kg7 32. Kf3 Rf7 33. Kf4 Rd7 34. Rc2 Kf6 35. h4 h6 36. e4 fxe4 37. Bxe4 Rd4 38. Ke3 Rxe4+ 0-1

[Event "Provence-chA"]
[Site "Provence"]
[Date "1990.??.??"]
[Round "6"]
[White "Stepien, Jaroslaw"]
[Black "Barnier, Alain"]
[Result "0-1"]
[WhiteElo "2020"]
[BlackElo "2010"]
[PlyCount "80"]
[EventDate "1990.??.??"]
[EventType "swiss"]
[EventRounds "7"]
[EventCountry "FRA"]
[SourceTitle "EXT 2005"]
[Source "ChessBase"]
[SourceDate "2004.11.15"]
[SourceVersion "1"]
[SourceVersionDate "2004.11.15"]
[SourceQuality "1"]

1. f4 Nf6 2. Nf3 g6 3. g3 Bg7 4. Bg2 0-0 5. 0-0 d6 6. Nc3 c5 7. e4 e5 8. d3 Nc6 9. h3 Nh5 10. Ne2 exf4 11. gxf4 f5 12. c3 Qe7 13. Nh2 Be6 14. Bd2 Rae8 15. Qa4 Qd7 16. h4 fxe4 17. Qxe4 d5 18. Qf3 Ne5 19. Qe3 d4 20. Qe4 Nc6 21. Qf3 Kh8 22. c4 Ne5 23. Qxb7 Qxb7 24. Bxb7 Nxd3 25. Bf3 Nxb2 26. Bxh5 gxh5 27. Ng3 Nxc4 28. Rad1 Nxd2 29. Rxd2 Bh6 30. Nxh5 Rf5 31. Ng3 Rg8 32. Rg2 Bd5 33. Nf3 Rxf4 34. Nh5 Rxg2+ 35. Kxg2 Rxh4 36. Nf6 Bxf3+ 37. Rxf3 Rf4 38. Rxf4 Bxf4 39. Kf3 Be5 40. Ng4 Bg7 0-1

[Event "Provence-chA"]
[Site "Provence"]
[Date "1990.??.??"]
[Round "4"]
[White "Stepien, Jaroslaw"]
[Black "Cortes, Antoine"]
[Result "1/2-1/2"]
[WhiteElo "2020"]
[BlackElo "2030"]
[PlyCount "295"]
[EventDate "1990.??.??"]
[EventType "swiss"]
[EventRounds "7"]
[EventCountry "FRA"]
[SourceTitle "EXT 2005"]
[Source "ChessBase"]
[SourceDate "2004.11.15"]
[SourceVersion "1"]
[SourceVersionDate "2004.11.15"]
[SourceQuality "1"]

1. e4 c5 2. c3 d5 3. exd5 Qxd5 4. d4 cxd4 5. cxd4 Nc6 6. Nf3 e5 7. Nc3 Bb4 8. Bd2 Bxc3 9. Bxc3 e4 10. Nd2 Nf6 11. Nc4 0-0 12. Ne3 Qg5 13. d5 Ne5 14. h4 Qf4 15. Qd2 Nd3+ 16. Bxd3 exd3 17. Qxd3 Ne4 18. 0-0 Nxc3 19. Qxc3 Qxh4 20. Rad1 Bd7 21. Rd4 Qf6 22. Rfd1 Rac8 23. Qb4 b6 24. Rf4 Qg5 25. Re4 f5 26. f4 Qg3 27. Re7 Rfe8 28. Nf1 Qg4 29. Rde1 Rxe7 30. Qxe7 Re8 31. Qb4 Rxe1 32. Qxe1 Qxf4 33. Qe7 Qc7 34. Ne3 f4 35. d6 Qc8 36. Nd5 Qe8 37. Qh4 Qe5 38. Qd8+ Qe8 39. Qh4 Qe5 40. Qd8+ Qe8 41. Ne7+ Kf8 42. Qc7 Bb5 43. Qxa7 Qh5 44. Qa8+ Be8 45. Qd5 Qxd5 46. Nxd5 b5 47. Nxf4 Bc6 48. Ne6+ Ke8 49. Nxg7+ Kd7 50. Nf5 Be4 51. Nd4 Bd3 52. Kf2 Kxd6 53. Ke3 Bf1 54. g3 Kc5 55. Nb3+ Kd5 56. Nd2 Bg2 57. Nb1 Ke5 58. Nc3 Bc6 59. a3 Kf5 60. Ne2 Kg4 61. Kf2 Bd5 62. Nd4 Bc4 63. Nc2 Bb3 64. Ne3+ Kg5 65. Kf3 h5 66. Ke4 Be6 67. Kd4 Bg4 68. Ke5 Bf3 69. Kd4 Bg4 70. Ke4 Be2 71. Kd4 Bg4 72. Kc5 Be2 73. Kb4 Bd3 74. Kc3 Be2 75. Kd2 Bf3 76. Kd3 Bc6 77. Ke2 Be4 78. Nd1 Bd5 79. Kf2 Be6 80. Nc3 Bc4 81. Ne4+ Kg4 82. Nf6+ Kg5 83. Nd7 Kf5 84. Nc5 Kg4 85. Ne4 Bd3 86. Nd6 Kg5 87. Kf3 Bf1 88. Ne4+ Kf5 89. Nf2 Bc4 90. Nd1 Bd5+ 91. Kf2 Kg5 92. Nc3 Bc4 93. Kf3 Kf5 94. Ne2 Bd5+ 95. Ke3 Kg4 96. Kf2 Bc4 97. Nd4 Kg5 98. Nf3+ Kf5 99. Ke3 Kg4 100. Kf2 Kf5 101. Nd2 Bd5 102. Nb1 Bc4 103. Nc3 Bd3 104. Nd5 Be4 105. Nb4 Kg4 106. b3 Bf5 107. Na6 Bc2 108. Nc5 Bd1 109. b4 Bc2 110. Ne6 Bd3 111. Nf4 Bc4 112. Ng2 Be6 113. Ne3+ Kh3 114. Kf3 Bd7 115. Kf4 Bg4 116. Nd5 Bd7 117. Nf6 Bg4 118. Ne4 Bd7 119. Nd6 Bc6 120. Nf7 Bd7 121. Ng5+ Kg2 122. Ne4 Kh3 123. Nf2+ Kg2 124. Nd3 Kh3 125. Nc5 Bc6 126. Ne6 Bd7 127. Ng7 Bg4 128. Ne8 Bd7 129. Nc7 Kg2 130. Nd5 Kh3 131. Nc3 Kg2 132. Kg5 Kxg3 133. Kxh5 Kf4 134. Kg6 Ke5 135. Kf7 Kd4 136. Ke7 Bc6 137. Kd6 Be8 138. Nd5 Bg6 139. Ne7 Bd3 140. Kc6 Kc4 141. Kb6 Kb3 142. Ka5 Kxa3 143. Nc6 Kb3 144. Nd4+ Kc4 145. Nxb5 Kd5 146. Na7 Kd6 147. Kb6 Kd7 148. Nc6 1/2-1/2